000 00279nam a22001217a 4500
008 180712b xxu||||| |||| 00| 0 eng d
041 _aeng
080 _a711
100 _a45
101 _aART
245 _aMetric Pattern Cutting for Women's Wear
_cAldrich, W
942 _2udc
_cBK
999 _c46649
_d46649